Handbook of experimental pharmacology (Record no. 8215)

MARC details
000 -LEADER
fixed length control field 00317nam a2200121Ia 4500
008 - FIXED-LENGTH DATA ELEMENTS--GENERAL INFORMATION
fixed length control field 191201s2019 xx 000 0 und d
100 ## - MAIN ENTRY--PERSONAL NAME
Personal name KULKARNI, SK
245 #0 - TITLE STATEMENT
Title Handbook of experimental pharmacology
260 ## - PUBLICATION, DISTRIBUTION, ETC. (IMPRINT)
Name of publisher, distributor, etc Vallabh Praksahan
Place of publication, distribution, etc New Delhi
Date of publication, distribution, etc 2019
300 ## - PHYSICAL DESCRIPTION
Extent 279
650 ## - SUBJECT ADDED ENTRY--TOPICAL TERM
Topical term or geographic name as entry element Pharmacology
942 ## - ADDED ENTRY ELEMENTS (KOHA)
Source of classification or shelving scheme Dewey Decimal Classification
Koha item type Text Books
942 ## - ADDED ENTRY ELEMENTS (KOHA)
-- 5
Holdings
Withdrawn status Lost status Source of classification or shelving scheme Damaged status Not for loan Collection code Home library Current library Date acquired Source of acquisition Cost, normal purchase price Bill Number Total Checkouts Acc. no. / Barcode Date last seen Date last borrowed Actual Cost, discounted price Bill Date Koha item type Shelving location Checked out
    Dewey Decimal Classification     Diploma in Pharmacy PIET C-LIBRARY PIET C-LIBRARY 25/03/2019 Kirti Prakashan 200.00 IN 3049 6 DP76 07/05/2024 24/04/2024 162.00 08/03/2019 Text Books    
    Dewey Decimal Classification     Diploma in Pharmacy PIET C-LIBRARY PIET C-LIBRARY 25/03/2019 Kirti Prakashan 200.00 IN 3049   DP77 04/12/2019   162.00 08/03/2019 Reference Books Ref. Sec. R03  
    Dewey Decimal Classification     Diploma in Pharmacy PIET C-LIBRARY PIET C-LIBRARY 25/03/2019 Kirti Prakashan 200.00 IN 3049 2 DP78 26/12/2025 19/12/2025 162.00 08/03/2019 Text Books    
    Dewey Decimal Classification     Diploma in Pharmacy PIET C-LIBRARY PIET C-LIBRARY 25/03/2019 Kirti Prakashan 200.00 IN 3049 7 DP79 24/03/2026 24/03/2026 162.00 08/03/2019 Text Books   12/10/2026

Design & Developed by: PIET Central Library
R70 Miles Stone Pattikalyana Samalkha Panipat 132102
mail ID :- [email protected], Phone No:- 0180-2569700 Ex.216